LEADER 01895nam 2200553 a 450 001 9910465955103321 005 20200520144314.0 010 $a1-61728-238-3 035 $a(CKB)2560000000068781 035 $a(EBL)3019977 035 $a(SSID)ssj0000423712 035 $a(PQKBManifestationID)12103526 035 $a(PQKBTitleCode)TC0000423712 035 $a(PQKBWorkID)10468206 035 $a(PQKB)11249568 035 $a(MiAaPQ)EBC3019977 035 $a(Au-PeEL)EBL3019977 035 $a(CaPaEBR)ebr10674985 035 $a(OCoLC)923662384 035 $a(EXLCZ)992560000000068781 100 $a20100420d2010 uy 0 101 0 $aeng 135 $aur|n|---||||| 181 $ctxt 182 $cc 183 $acr 200 10$aN-3 fats$b[electronic resource] $enutritional needs, traditional and novel sources and microbial production strategies /$fAnita Nordeng Jakobsen 210 $aHauppauge, N.Y. $cNova Science Publishers$d2010 215 $a1 online resource (73 p.) 225 1 $aNutrition and diet research progress 300 $aDescription based upon print version of record. 311 $a1-61668-687-1 320 $aIncludes bibliographical references and index. 327 $aNomenclature of fatty acids -- Fatty acid biosynthesis -- Nutritional needs of long chain n-3 fat -- Sources of n-3 PUFA -- Single cell oils as sources of EPA and DHA. 410 0$aNutrition and diet research progress series. 606 $aFatty acids in human nutrition 606 $aOmega-3 fatty acids 608 $aElectronic books. 615 0$aFatty acids in human nutrition. 615 0$aOmega-3 fatty acids. 676 $a612.3/97 700 $aJakobsen$b Anita Nordeng$0932111 801 0$bMiAaPQ 801 1$bMiAaPQ 801 2$bMiAaPQ 906 $aBOOK 912 $a9910465955103321 996 $aN-3 fats$92096761 997 $aUNINA LEADER 01034nam a2200277 i 4500 001 991001626979707536 005 20020502193201.0 008 940325s1990 it ||| | ita 020 $a8820437635 035 $ab1088127x-39ule_inst 035 $aLE02373249$9ExL 040 $aDip.to Studi Storici$bita 082 0 $a910.1 100 1 $aCundari, Gabriella$038932 245 10$aGeografia regionale :$bitinerari teorici e percorsi applicativi /$cGabriella Cundari 260 $bFranco Angeli,$c1990 300 $a186 p. ;$c21 cm. 490 0 $aGeografia e Società 650 4$aGeografia regionale 907 $a.b1088127x$b23-02-17$c28-06-02 912 $a991001626979707536 945 $aLE023 911 CUN 1 1$g1$i2023000022726$lle023$o-$pE0.00$q-$rl$s- $t0$u0$v0$w0$x0$y.i10988580$z28-06-02 945 $aLE023 911 CUN 1 1C.2$g2$i2023000079126$lle023$o-$pE12.00$q-$rl$s- $t0$u0$v0$w0$x0$y.i14174868$z10-01-06 996 $aGeografia regionale$993485 997 $aUNISALENTO 998 $ale023$b01-01-94$cm$da $e-$fita$git $h0$i1